• 首页
  • 本馆介绍
  • 公告通知
  • 最新文献
  • 馆藏检索
  • 电子资源
  • 读者导购
  • 参考咨询
  • 我的图书馆
  • 登录
  • 详细信息显示
  • 放入我的书架
  • 预约/预借图书
  • 作者相关作品
  • 分类相关作品
  • 丛书相关作品
  • 出版社相关作品

书目信息

  • 表格格式
  • 工作单格式
  • 卡片格式
题名:
面向21世纪的外语教学与研究
    
 
作者: 张绍杰 主编
分册:  
出版信息: 长春   吉林人民出版社  2005
页数: 343页
开本: 20cm
丛书名:
单 册:
中图分类: H3-42 , H31-42
科图分类:
主题词: 外语教学--教学研究 , 外语教学 , 英语
电子资源:
ISBN: 7-206-02765-2
000 00946nam0 2200277 45
001 012006012134
005 20070709083854.81
010    @a7-206-02765-2@dCNY32.50
092    @aCN@b485624
100    @a20060121d2005 em y0chiy0121 ea
101 0  @achi@ajpn@aeng
102    @aCN@b220000
105    @ay z 000yy
200 1  @a面向21世纪的外语教学与研究@9mian xiang 21 shi ji de wai yu jiao xue yu yan jiu@e吉林省外语学会第十一届年会优秀论文选萃@f张绍杰主编
205    @a2版
210    @a长春@c吉林人民出版社@d2005
215    @a343页@d20cm
330    @a本书主要从语言研究、文学研究、教学法研究、文化研究四个方面向读者介绍了吉林省在外语教学与研究领域取得的成果,展望了新的千年可能给我们带来的机遇和挑战。
606 0  @a外语教学@x教学研究
606 0  @a外语教学
606 0  @a英语
690    @aH3-42@v4
690    @aH31-42@v3
701  0 @a张绍杰@9zhang shao jie@4主编
801  0 @aCN@bLZJBOOK@c20070709
905    @a10447@dH31-42@e1144=2
    
    面向21世纪的外语教学与研究:吉林省外语学会第十一届年会优秀论文选萃/张绍杰主编.-2版.-长春:吉林人民出版社,2005
    343页;20cm
    
    
    ISBN 7-206-02765-2:CNY32.50
    本书主要从语言研究、文学研究、教学法研究、文化研究四个方面向读者介绍了吉林省在外语教学与研究领域取得的成果,展望了新的千年可能给我们带来的机遇和挑战。
●
相关链接 在E读中查询图书 在五车中查询图书 在当当中查询图书 在豆瓣中查询图书


正题名:面向21世纪的外语教学与研究     索取号:H31-42/1144=2         预约/预借

序号 登录号 条形码 馆藏地/架位号 状态 备注
1 0562134   205621344   第二样本阅览室/ [索取号:H31-42/1144=2] 在馆    
2 0562135   205621353   第四借阅区/ [索取号:H31-42/1144=2] 在馆    
3 0562136   205621362   第四借阅区/ [索取号:H31-42/1144=2] 在馆    
4 0562137   205621371   第四借阅区/ [索取号:H31-42/1144=2] 在馆    
5 0562138   205621380   第四借阅区/ [索取号:H31-42/1144=2] 在馆    
6 0562139   205621399   第四借阅区/ [索取号:H31-42/1144=2] 在馆    
7 0562140   205621406   第四借阅区/ [索取号:H31-42/1144=2] 在馆    
8 0562141   205621415   第四借阅区/ [索取号:H31-42/1144=2] 在馆    
唐山师范学院图书馆 欢迎您!
大连网信软件有限公司© 版权所有